| 000 | 01113nam a2200229 i 4500 | ||
|---|---|---|---|
| 001 | 192409 | ||
| 003 | ES-MaACL | ||
| 005 | 20230906224214.0 | ||
| 008 | 221213s1860 sp aef 000 0 spa d | ||
| 080 | _a582.091(460) | ||
| 245 | 0 | 0 | _aPlano del establecimiento agrícola El Carmelo, fundado en Barcelona por su propietario Don Ventura de Vidal. |
| 260 |
_aMadrid : _b[s.n.], _c1860 ( _fImp. de J. Viñas) |
||
| 300 |
_aVI, 20, 75 p., [2] h. de lám., [4] h. de planos : _bil. ; _c21 cm. |
||
| 505 | 8 | _aContiene: Primera parte del catálogo del Carmelo. Sección primera: árboles y arbustos frutales = Arvores e arbustos de frutas . Parte segunda del catálogo del Carmelo. Sección primera: árboles y arbustos de adorno y florestales de hojas caducas = Arvores e arbustos de adorno e monteiros de folhias caducas | |
| 546 | _aTexto en español y portugués. | ||
| 594 | _aPort. enc. al final del texto | ||
| 597 | _aTexto a dos columnas | ||
| 650 | 4 |
_aÁrboles- _vCatálogos. _9159137 |
|
| 650 | 4 |
_aÁrboles- _zEspaña. _9156753 |
|
| 650 | 4 |
_aArbustos- _zEspaña. _9156754 |
|
| 852 | 4 |
_aES-MaACL _jT-56-F-5 |
|
| 999 |
_c192409 _d192409 |
||